Central Library and Information Centre
Sibsagar Girls' College, Sivasagar : Assam

COMPLEX VARIABLE AND INTEGRAL TRANSFORMS (Record no. 9419)

MARC details
000 -LEADER
fixed length control field 00402cam a2200169ua 4500
008 - FIXED-LENGTH DATA ELEMENTS--GENERAL INFORMATION
fixed length control field 120107n1998 II |||gr||||Z||||||eng
040 ## - CATALOGING SOURCE
Original cataloging agency MAIN
041 ## - LANGUAGE CODE
-- English
082 ## - DEWEY DECIMAL CLASSIFICATION NUMBER
Classification number 515.9 PAN
100 ## - MAIN ENTRY--PERSONAL NAME
Personal name PANDEY, GOYAL GUPTA.
245 ## - TITLE STATEMENT
Title COMPLEX VARIABLE AND INTEGRAL TRANSFORMS
260 ## - PUBLICATION, DISTRIBUTION, ETC.
Place of publication, distribution, etc. MEERUT
Name of publisher, distributor, etc. PRAGATI PRAKASHAN
Date of publication, distribution, etc. 1998
300 ## - PHYSICAL DESCRIPTION
Extent 298.
942 ## - ADDED ENTRY ELEMENTS (KOHA)
Koha item type Books
653 ## - INDEX TERM--UNCONTROLLED
Uncontrolled term Mathematics
Holdings
Withdrawn status Lost status Damaged status Not for loan Collection code Home library Current library Shelving location Date acquired Full call number Barcode Date last seen Copy number Price effective from Koha item type Public note
        TBMAT Central Library and Information Centre Sibsagar Girls College Central Library and Information Centre Sibsagar Girls College MATHEMATICS BOOK RACK 21.07.2000 515.9 PAN 16273 27.02.2020 1 27.02.2020 Books V


Sibsagar Girl's College © 2020. All rights reserved.
Powered by Koha.
Maintained by Abhijit Borpuzari.